Panorámica de las letras : Carlos Pellicer, Renato Leduc /

El presente es el segundo de los tres volúmenes –y único disponible en la Biblioteca del ITESO- de Panorámica de las letras, que reúne estudios sobre Carlos Pellicer y Renato Leduc.

Salvato in:
Dettagli Bibliografici
Autore principale: Cuevas, Rafael (autor)
Altri autori: Arellano, Jesús (preliminares) (preliminares)
Natura: Libro
Lingua:spagnolo
Pubblicazione: México : Instituto Nacional de Bellas Artes, 1956, c1956
Serie:(Revista Bellas Artes ; 2)
Soggetti:
Tags: Aggiungi Tag
Nessun Tag, puoi essere il primo ad aggiungerne!!

MARC

LEADER 00000nam^a2200000^a^4500
001 000142920
005 20250526000000.0
009 20260310095707.207
037 |a Acervo ITESO - Biblioteca 
041 |a ESP 
082 |a 860. 972  |b CUE V. 2 
100 |a Cuevas, Rafael  |e (autor) 
240 1 1 |a [Panorámica de las letras] 
245 1 0 |a Panorámica de las letras :  |b Carlos Pellicer, Renato Leduc /  |c R. Cuevas ; prelim. de J. Arellano. 
264 4 |a México :  |b Instituto Nacional de Bellas Artes,  |c 1956, c1956 
300 |a 119 p. ;  |c 18.0 cm. 
440 1 |a (Revista Bellas Artes ;  |v 2) 
520 |a El presente es el segundo de los tres volúmenes –y único disponible en la Biblioteca del ITESO- de Panorámica de las letras, que reúne estudios sobre Carlos Pellicer y Renato Leduc. 
545 0 |a Rafael Cuevas (1883-1942) poeta y escritor mexicano. Se dio a conocer con sus sonetos Amapola del tiempo que ganó la flor natural de los Juegos Florales que organizó la Escuela de Jurisprudencia de la Universidad Nacional de México. Obra poética: Presencia del mundo (1932) y Amapola del tiempo (1942); su obra crítica se reunió con el título de Panorámica de las letras (3 vol. 1956). 
545 0 |a Carlos Pellicer (Villahermosa, 1897 – Ciudad de México, 1977), poeta y museólogo tabasqueño. Miembro de una de las generaciones más notables de la Escuela Nacional Preparatoria, es considerado también un integrante tardío del grupo poético Contemporáneos. Es enviado como agregado universitario a Colombia (1918) por el gobierno de Venustiano Carranza y funge como secretario de José Vasconcelos, secretario de Educación del cuatrienio obregonista y la figura de mayor ascendencia intelectual sobre Pellicer. Inicia con Colores en el mar (1921), ilustrado por el jalisciense Roberto Montenegro, una de las obras mayores de la poesía mexicana, en tanto Hora y 20 (1927) y Camino (1929) aparecen durante su estadía en Europa y Medio Oriente, cuando visita y estudia diversos museos europeos. Participa en la campaña presidencial de Vasconcelos (1929) y es torturado y encarcelado por el régimen del Maximato. Publica Hora de junio, 1929-1936 (1937), quizás su libro más cuidadosamente organizado. Funge como director del Departamento de Bellas Artes en los años 1940 y comienza con el Museo de Tabasco (1952) la fundación de varios recintos de esa naturaleza, que rivalizan en fama y admiración con su obra poética. Ingresa a la Academia Mexicana de la Lengua en 1953 y la publicación de los sonetos de Práctica de vuelo y la apertura del Museo Arqueológico de la Universidad de Hermosillo ocurre en 1956, dos años antes de la concreción de una de sus mayores creaciones: el Parque-Museo La Venta en su ciudad natal. Otros de sus proyectos son los museos de sitio de Palenque (1958), Frida Kahlo (1958), Anahuacalli (1964), Arqueológico de Tepoztlán, Morelos (1965), del Centro de Convenciones de Acapulco (1975) y de Sitio de Comacalco, que deja inconcluso. La UNAM reúne su Material poético: 1918-1961 (1962) y es reconocido con el Premio Nacional de Literatura (1964). Electo en 1976 senador por su estado natal, desempeña pocos meses su nuevo cargo. 
545 0 |a Renato Leduc (México 1895-1991) se formó como abogado en la Escuela Nacional de Jurisprudencia, pero el periodismo marcó buena parte de su actividad literaria y fue, de hecho, reconocido con el Premio Nacional de Periodismo en 1977. Con una estética atravesada frecuentemente por el erotismo, el estilo de su poesía es desenfadado y humorístico, tocado por una fabulosa capacidad para la parodia y el cinismo. Autor de: Unos cuantos sonetos (1932), Algunos poemas deliberadamente románticos (1933), Breve glosa al Libro del buen amor (1939), El corsario beige (1940), Fabulillas de animales, niños y espantos (1957) y Catorce poemas burocráticos y un corrido reaccionario (1962), entre otros. 
649 |a XX 
650 |a Escritores Mexicanos 
650 |a Ensayos Mexicanos 
650 |a Poesía Mexicana -  |x Historia y Crítica 
650 |a Literatura Mexicana -  |x Historia y Crítica 
650 |a Literatura Mexicana -  |y Siglo XX 
650 |a Leduc, Renato -  |x Tema Principal 
650 |a Pellicer, Carlos -  |x Tema Principal 
700 |a Arellano, Jesús  |e (preliminares) 
700 |a Arellano, Jesús  |e (preliminares) 
910 |a Fondo Salvador Reynoso Reynoso 
920 |a Impresos - Libros 
930 |a Libros Antiguos y Raros 
940 |a Literatura 
905 |a 108 
901 |a 0800015535  |b IT2  |c LRA  |u 20250526 
902 |a https://opac.biblio.iteso.mx/vufind/Record/000142920